Spell the Marvel Character #284 - Statistics

General Stats
  • This quiz has been taken 10 times
  • The average score is 9 of 11
Answer Stats
Picture Answer % Correct
Black Widow
100%
Ms. Marvel
100%
Okoye
100%
Rocket Raccoon
100%
Honey Lemon
80%
Aero
70%
Human Robot
70%
Namora
70%
Outlaw
70%
Thundra
70%
Uranian
70%
No matching quizzes found
Score Distribution
Percent of People with Each Score
Percentile by Number Answered
Your Score History
You have not taken this quiz